1725 1346 1985 1739 1587 1140 1790 1244 1810 1969 1627 1131 1607 1063 1362 1174 1659 1894 1437 1867 1345 1755 1676 1748 1181 1506 1434 1956 1756 1080 1151 1204 1776 1454 1731 1237 1327 1209 1991 1489 1675 1981 1633 1150 1956 1507 1487 1918 1810 1476 1692 1615 1704 1022 1783 1868 1506 1567 1785 1528 1949 1847 1746 1699 1136 1095 1887 1848 1536 1285 1381 1776 1000 1026 1059 1524 1588 1444 1136 1890 1316 1101 1696 1794 1818 1550 1231 1085 1669 1015 1666 1737 1911 1588 1324 1320 1462 1843 1369 BCNSPRNW ULIB Ver.6.0+V

เปลี่ยนเป็นภาษาไทย

Change to English
 แสดงรายละเอียดบรรณานุกรม
  กลับหน้าหลัก

Brief Record : Get Marc (ISO 2709) : E-mail record : QR code < ปิดหน้าต่าง
LEADER : 00000nam 2200000uu 4500
001    13399121190
003     ULIB
008    121108s2550||||th 000 0 tha d
020    ^a9747195518
050 04 ^aLB2369^bม161
100 0  ^aมนสิช สิทธิสมบูรณ์
245 10 ^aชุดฝึกปฏิบัติการเหนือตำรา :^bการทำวิจัยในชั้นเรียน /^cมนสิช สิทธิสมบูรณ์
250    ^aพิมพ์ครั้งที่ 3
260    ^aพิษณุโลก :^bคณะศึกษาศาสตร์ มหาวิทยาลัยนเรศวร,^c2550
300    ^a69 หน้า ;^c30 ซม
650  7 ^aวิจัยเชิงปฏิบัติการ
650  7 ^aขั้นเรียน^xวิจัย
945    ^p143^l0^i16495
995    ^aวิภา
999 ^a ทศพร
รายการนี้ยังไม่มีแท็ก
คุณยังไม่ได้ล็อกอิน คุณสามารถมีกิจกรรมร่วมกับเว็บไซต์ได้ แต่ต้องล็อกอินก่อน ::
  ล็อกอิน

รายการสื่อสารสนเทศ

ลำดับที่ ประเภท เลขเรียก/บาร์โค้ด สถานที่ สถานะ
1. วิทยาศาสตร์การแพทย์ และสุขภาพ
วิทยาศาสตร์การแพทย์ และสุขภาพ
LB2369 ม161  
  Barcode: 16495
ห้องสมุดวิทยาเขตสวรรค์ประชารักษ์
►หนังสือทั่วไป
บนชั้น

รายการใกล้เคียง
    ผู้แต่ง [มนสิช สิทธิสมบูรณ์]

    หัวเรื่อง [วิจัยเชิงปฏิบัติการ]

BibComment


ยังไม่เคยถูกคอมเมนท์

คอมเมนท์ทรัพยากรรายการนี้
  คอมเมนท์: ชุดฝึกปฏิบัติการ..


 Copyright 2026. Bcnsprnw @Library